| 000 | 01189nam0a22002651 4500 | ||
|---|---|---|---|
| 001 | rc\2638792 | ||
| 005 | 20250529185238.0 | ||
| 035 | _a(NLR Aleph) 006946897 | ||
| 090 |
_a5208152 _c5208152 |
||
| 100 | _a20110603d1929 |||y0rusy50 ca | ||
| 101 | 0 | _arus | |
| 102 | _aRU | ||
| 105 | _aae z ||||| | ||
| 200 | 1 |
_aМатематика для начальных общеобразовательных сельских школ взрослых ... _fС. Анцыферов и А. Корольков |
|
| 210 |
_aМосква _aЛенинград _cГос. изд-во _d1929 _eМосква _g1-я Образцовая тип. |
||
| 215 |
_a192 с. _cил., черт., диагр., план. _d24×15 см |
||
| 300 | _aИзд. 2-е. Анцыферов, С.С. Арифметический задачник для начальных образ. сельск. школ взрослых | ||
| 300 | _aНа обл. C.С. Анцыферов, А.E. Корольков | ||
| 700 | 1 |
_aАнцыферов _bС.С. _gСергей Сергеевич |
|
| 701 | 1 |
_aКорольков _bА.Е. |
|
| 801 | 0 |
_aRU _bNLR _gpsbo |
|
| 801 | 1 |
_aRU _bELAR _2rusmarc |
|
| 852 |
_aNLR _j66/279 |
||
| 942 | _cBOOK | ||
| 980 | _aNB | ||